Gottwaldov automapa = avtokarta = Road Map = carte routière = Autokarte /

Korporativní autor: Kartografické nakladatelství (Praha, Česko)
Další autoři: Siropolko, Stepan, Roulová, Zdenka, 1937-, Patočka, Bedřich, Bittner, František, 1909-1989, Divišová, Soňa, 1933-, Fischerová, J., Fyman, Vladimír, 1923-2014, Menec, Zdeněk, 1914-1998, Pavlová, M., Toman, J. H., Šíla, Čestmír, 1924-, Kartografie Praha (firma), Státní ústav památkové péče
Jazyk: Ruština
Němčina
Francouzština
Čeština
Angličtina
Vydáno: Praha : Kartografické nakladatelství, 1968
Vydání: 1. vyd.
Edice: Automapa 1:200 000 (Kartografické nakladatelství)
Témata:
Fyzický popis: 1 mapa : barev. ; 43 x 41 cm, na listu 45 x 53 cm, složeno na 22 x 11 cm
Language note: Legenda česky, rusky, anglicky, francouzsky a německy
Mapy
Uloženo v:
LEADER 03056nem a2200601 a 4500
001 000574887
003 CZ BrMZK
005 20220112071801.0
007 aj canzn
008 010825s1968 xr g a 0 cze d
034 1 |a a  |b 200000  |d E0170511  |e E0181345  |f N0493114  |g N0484415 
040 |a BOA001  |b cze  |c BOA001 
041 0 |a cze  |a rus  |a eng  |a fre  |a ger 
043 |a e-xr---  |b e-xr-zl  |2 czenas 
072 7 |a 796  |x Sport. Hry. Tělesná cvičení  |2 Konspekt  |9 20 
072 7 |a 912  |x Mapy. Atlasy. Glóby  |2 Konspekt  |9 7 
080 |a 796.57:629.331  |2 MRF 
080 |a 913(437.323)  |2 MRF 
080 |a (084.3)656.1  |2 MRF 
245 0 0 |a Gottwaldov  |h [kartografický dokument] :  |b automapa = avtokarta = Road Map = carte routière = Autokarte /  |c zpracovala a vytiskla Kartografie Praha ; odpovědný redaktor Stepan Siropolko ; technická redaktorka Z. Roulová ; obálka: Bedřich Patočka ; fotografie: Fr. Bittner ... [et al.] 
250 |a 1. vyd. 
255 |a Měřítko 1:200 000  |c (17°05´11" v.d.--18°13´45" v.d./49°31´14" s.š.--48°44´15" s.š.) 
260 |a Praha :  |b Kartografické nakladatelství,  |c 1968  |f (Kartografie) 
300 |a 1 mapa :  |b barev. ;  |c 43 x 41 cm, na listu 45 x 53 cm, složeno na 22 x 11 cm 
490 1 |a Automapa ;  |v 18 
500 |a Další údaje o odpovědnosti: fotografie: Fr. Bittner, S. Divišová, J. Fischerová, V. Fyman, Zd. Menec, M. Pavlová, Státní ústav památkové péče, J.H. Toman, Č. Šíla 
500 |a Na rubu doprovodný text a fotografie 
546 |a Legenda česky, rusky, anglicky, francouzsky a německy 
650 0 7 |a autoturistika  |7 ph391048  |2 czenas 
651 7 |a Zlín (Česko : oblast)  |7 ge131454  |2 czenas 
655 7 |a automapy  |7 fd131856  |2 czenas 
700 1 |a Siropolko, Stepan  |7 mzk2009544249  |4 pbd 
700 1 |a Roulová, Zdenka,  |d 1937-  |7 stk2008428677  |4 red 
700 1 |a Patočka, Bedřich  |7 mzk2014818806  |4 bjd 
700 1 |a Bittner, František,  |d 1909-1989  |7 ola2004192309  |4 pht 
700 1 |a Divišová, Soňa,  |d 1933-  |7 jx20031130051  |4 pht 
700 1 |a Fischerová, J.  |4 pht 
700 1 |a Fyman, Vladimír,  |d 1923-2014  |7 jn19981001290  |4 pht 
700 1 |a Menec, Zdeněk,  |d 1914-1998  |7 jk01081213  |4 pht 
700 1 |a Pavlová, M.  |4 pht 
700 1 |a Toman, J. H.  |4 pht 
700 1 |a Šíla, Čestmír,  |d 1924-  |7 jx20041112017  |4 pht 
710 2 |a Kartografické nakladatelství (Praha, Česko)  |4 pbl 
710 2 |a Kartografie Praha (firma)  |7 kn20010724363  |4 ctg  |4 prt 
710 2 |a Státní ústav památkové péče  |7 kn20010710635  |4 pht 
830 0 |a Automapa 1:200 000 (Kartografické nakladatelství)  |0 s 
910 |a BOA001  |b PK-0052.068  |b Skř.9A-0612.052  |b Skř.9A-0612.108 
964 |a Gottwaldovsko -automapy 
990 |a MP 
991 |b 201407 
996 6 |b 2619016112  |c Skř.9A-0612.108  |l MZK  |r Sklad / do 24 hodin  |n 0  |w 000574887  |u 000030  |a 1  |e BOA001  |j MZK50  |s P 
996 6 |b 2619016113  |c Skř.9A-0612.052  |l MZK  |r Sklad / do 24 hodin  |n 0  |w 000574887  |u 000020  |a 1  |e BOA001  |j MZK50  |s P 
996 7 |b 3119687956  |c PK-0052.068  |l MZK  |r Sklad / do 1 hodiny  |n 0  |w 000574887  |u 000010  |a 1  |e BOA001  |j MZK50  |s A